Oracle 8i Networking 101 (0 07 212517 9)

Gespeichert in:
Bibliographische Detailangaben
1. Verfasser: MARLENE L THERIAULT
Format: Buch
Sprache:Undetermined
Veröffentlicht: McGraw-Hill 2000
Tags: Tag hinzufügen
Keine Tags, Fügen Sie den ersten Tag hinzu!
Thư viện lưu trữ: Trung tâm Học liệu Trường Đại học Cần Thơ
LEADER 00408nam a2200145Ia 4500
001 CTU_49433
008 210402s9999 xx 000 0 und d
082 |a 005.7585 
082 |b T399 
100 |a MARLENE L THERIAULT 
245 0 |a Oracle 8i Networking 101 (0 07 212517 9) 
245 0 |c MARLENE L THERIAULT 
260 |b McGraw-Hill 
260 |c 2000 
980 |a Trung tâm Học liệu Trường Đại học Cần Thơ